Madonna Songs by the Alphabet - Statistics

General Stats
  • This quiz has been taken 48 times
  • The average score is 18 of 26
Answer Stats
Hint Answer % Correct
L la isla bonita / the lady's got potential / la la / lament / la petite jeune fille / latin chant / laugh to keep from crying / la vie en rose / let down your guard / let it will be / levitating (the blessed madonna remix) / lick the light out / like a flower / like a prayer / like a virgin / like an angel passing through my room / like it or not / liquid love / little boy / little girl / little star / live to tell / living for love / looking for mercy / lo que siente la mujer / love don't live here anymore / love for tender / love hurts / love makes the world go round / love on the run / love profusion / love song / love spent / love tried to welcome me / love won't wait / lucky star
100%
H hanky panky / has to be / heart beat / heartbreakcity / heaven / hello and good-bye / he's a man / hey you / high flying, adored / high society / history / hold tight / holiday / hollywood / holy water / how high / human nature / hung up
95%
D dance 2night / dark ballet / dear father / dear jessie / deeper and deeper / devil pray / devil wouldn't recognize you / did you do it? / die another day / don't cry for me argentina / don't stop / don't talk, don't speak / don't tell me / don't you know / dress you up / drowned world - substitute for love / drowning
92%
M masterpiece / material girl / material gworrllllllll / me abandono a ti / me against the music / medelin / mer girl / messiah / mi abandono a te / miles away / miss you / more / mother and father / music / mysore style
86%
B b-day song / back in business / back that up / back that up to the beat / batuka / be careful with my heart / beautiful killer / beautiful scars / beautiful stranger / bedtime story / bells ringing / best friend / best night / between the bars / bitch i'm madonna / bitch i'm loca / bittersweet / body shop / borderline / born to be alive / borrowed time / boum / break my soul (the queens remix) / broken (i'm sorry) / buenos aires / burning up / bye bye baby
84%
C candy perfume girl / candy shop / can't stop / causing a commotion / celebration / champagne rose / charity concert - the art of the possible / cherish / ciao bella / come alive / crave / crazy / crazy for you / crimes of passion / cry baby / cuidado con mi corazon / cyber-raga
81%
I i can't forget / i deserve it / i don't search i find / i don't give a / i f*cked up / i know it / i like - love for tender / i love new york / i met an angel / i rise / i surrender dear / i want you / i'd be surprisingly good for you / i'd rather be your love / i'll be gone / i'll remember / i'm a sinner / i'm addicted / i'm going bananas / i'm in love with love / i'm so stupid / iconic / if you forget me / if you go away / illuminati / imagine / impressive instant / in this life / incredible / infinity / inside of me / inside out / intervention / into the groove / into the hollywood groove / is this love (bon d'accord) / isaac / it's so cool
81%
F falling free / faz gostoso / fever / fighting spirit / forbidden love / four minutes / freedom / frozen / funana / future / future lovers
78%
S safe neighborhood / sanctuary / santa baby / santa evita / scheherazade / score / secret / secret garden / send in the clowns / set the right / S.E.X. / shame / shanti-ashtangi / she is a diamond / she's not me / shine a light / shoo-bee-doo / sidewalk talk / sing / skin / sky fits heaven / sodade / soltera / some girls / something to remember / sooner or later / sorry / spanish eyes / spanish lesson / spotlight / stay / substitute for love / super pop / supernatural / superstar / survival / swim
78%
E each time you break my heart / easy ride / erotic / erotica / eva and magaldi / eva beware of the city / eva's final broadcast / everybody / express yourself / extreme occident
76%
T take a bow / take a day / take it back / take me - i want you / the beast within / the beat goes on / the beat is so crazy / the look of love / the power of good-bye / thief of hearts / think of me / this used to be my playground / thunderpuss megmix (GHV2) / till death do us part / time stood still / to have and not to hold / tragic girl / triggering / true blue / trust no bitch / turn up the radio / two steps behind me
76%
A a cinema in buenos aires, 26 july 1952 / a new argentina / across the sky / act of contrition / the actress hasn't learned the lines (you'd like to hear) / addicted / ain't no big deal / alone again / alone with you / amazing / american life / american pie / and the monkey kept rolling in (and out) / angel / angels crying in my bed / angels with dirty faces / animal / another suitcase in another hall / arioso / auto-tune baby
73%
G gambler / the game / gang bang / gap / get over / get stupid / get up / get together / get up / ghosttown / GHV2 thunderpuss megamix / girl gone wild / give me all your luvin' / give it 2 me / god control / god is love / gone / gone gone gone / good-bye to innocence / goodnight and thank you / graffiti heart / guilty by association
73%
J jimmy jimmy / joan of arc / jump / just a dream / justify my love / justify my love (the beat within remix)
73%
P pala tute / papa don't preach / paradise (not for me) / partido feminista / peron's last flame / physical attraction / popular / possessive love / pray for spanish eyes / pretender / promise to try / push
73%
W waiting / waltz for eva and che / warning signs / wash all over me / what can you lose / what it feels like for a girl / where life begins / where's the party / white heat / who's that girl / why's it so hard / wonderland / words
73%
V veni vidi vici / veras / vogue / voices / vulgar
70%
# 4 minutes
68%
O oh dear daddy / oh father / oh what a circus / on the balcony of the casa rosada / on this night of a thousand stars / one more chance / open your heart / over and over
68%
R rain / rainbow high / rainbow tour / ray of light / rebel heart / requiem for evita / rescue me / revenge / revolution / revolver / right on time / ring my bell / run / runaway lover
68%
N never let you go / never love a stranger / no substitute for love / no time for love / nobody knows me / nobody's perfect / nothing fails / nothing lasts forever / nothing really matters / now i'm following you
59%
X x-static process
43%
Y you are the one / you must love me / you'll see / you'll stay / your honesty / your little body's slowly breaking down / you thrill me
41%
K keep it together / keep the trance / killers who are partying
35%
Q queen / queen's english
35%
U unapologetic bitch / up down suite
32%
No matching quizzes found
Score Distribution
Percent of People with Each Score
Percentile by Number Answered
Your Score History
You have not taken this quiz